Statistics for Celebrities by Country - Musicians

Click here to take the quiz!

General Stats

  • This quiz has been taken 253 times
  • The average score is 8 of 10

Answer Stats

MusicianCountry% Correct
Elvis PresleyUnited States
99%
Antonio VivaldiItaly
96%
John LennonUnited Kingdom
95%
Wolfgang MozartAustria
91%
Ludwig BeetovenGermany
90%
Pyotr TchaikovskyRussia
90%
Claude DebussyFrance
88%
Neil YoungCanada
74%
Fryderyk ChopinPoland
70%
Gustav MahlerCzech Republic
24%

Score Distribution

Percentile by Number Answered

Percent of People with Each Score

Your Score History

You have not taken this quiz